000 00991nam a2200229 a 4500
001 43966
003 BD-RjUL
005 20211209053758.0
008 160629s1963 ii ||||| |||| 00| 0 ben d
035 _a(BD-RjUL)44084
040 _aBD-RjUL
_bben
_cBD-RjUL
041 _aben
082 _223
_a891.441092
_bVOA 1963
100 _aভট্টাচার্য, অরুণ
_9135055
245 1 0 _aরবীন্দ্রগানের মুক্তধারা :
_bরবীন্দ্রসংগীতের নান্দনিক বিশ্লেষণ /
_cঅরুণ ভট্টাচার্য,
260 _aকলিকাতা :
_bবুক হোম,
_c১৯৬৩
300 _a১৫৫ পৃ. ;
_c২১ সেমি.
600 _aTagore, Rabindranath,
_d1861-1941.
_xSongs
_9135286
650 _aঠাকুর রবিন্দ্রনাথ,
_v১৮৬১-১৯৪১
_9135056
650 _aTagore, Rabindranath,
_v1861-1941.
_9135057
942 _2ddc
_cBK
999 _c43966
_d43966